MARC

LEADER 00000nam0a2200000 4500
001 23036
005 20240618112829.0
010 |a 577110079X 
035 |a (RuTPU)RU\TPU\book\23251 
035 |a BOOK00023323 
090 |a 23036 
100 |a 20011209d2000 m y0rusy50 ca 
101 0 |a rus 
102 |a RU 
105 |a y z 000ac 
200 1 |a Древняя Русь  |e IX - середина XIII века  |f Е. В. Анисимов 
210 |a СПб.  |c Норинт  |d 2000 
215 |a 32 с. 
225 1 |a Правители и события 
602 |a Рюриковичи  |f 12-16 вв.  |c пра­вя­щая ди­на­стия в Древнерусском го­су­дар­ст­ве, русских зем­лях и кня­же­ст­вах  |9 204 
610 1 |a история 
610 1 |a Россия 
610 1 |a Древняя Русь 
610 1 |a Великие князья 
610 1 |a 9 век 
610 1 |a 10 век 
610 1 |a 11 век 
610 1 |a 12 век 
610 1 |a 13 век 
686 |a Т3(2)4  |2 rubbk 
700 1 |a Анисимов  |b Е. В.  |g Евгений Викторович 
801 0 |a RU  |b 63413507  |c 20011209  |g PSBO 
801 2 |a RU  |b 63413507  |c 20061205  |g PSBO 
942 |c BK